Bandiere - i 60 Paesi più piccoli - Statistics

Statistiche generali
  • Questo quiz è stato fatto 49 volte
  • Il punteggio medio è 47 su 60
Statistiche sulle risposte
con Immagini Risposta % Corretto
Belgio
100%
Città del Vaticano
100%
Cipro
97%
Kosovo
97%
Lussemburgo
97%
Monaco
97%
Montenegro
97%
Qatar
97%
San Marino
97%
Slovenia
97%
Israele
94%
Libano
94%
Liechtenstein
94%
Seychelles
92%
Singapore
92%
Barbados
89%
Macedonia del Nord
89%
Malta
89%
Brunei
86%
Giamaica
86%
Andorra
83%
Armenia
83%
Belize
81%
Kuwait
81%
Maldive
81%
Swaziland
81%
Antigua e Barbuda
78%
Dominica
78%
Stati Federati di Micronesia
78%
Tonga
78%
Albania
75%
El Salvador
75%
Kiribati
75%
Nauru
75%
Palau
75%
Trinidad e Tobago
75%
Bahrain
72%
Lesotho
72%
Burundi
69%
Capo Verde
69%
Comore
69%
Gibuti
69%
Grenada
69%
Saint Kitts e Nevis
69%
Samoa
69%
Santa Lucia
69%
São Tomé e Príncipe
69%
Timor Est
69%
Haiti
67%
Isole Marshall
67%
Saint Vincent e Grenadine
67%
Mauritius
64%
Bahamas
61%
Tuvalu
61%
Vanuatu
61%
Gambia
58%
Ruanda
58%
Guinea Equatoriale
56%
Isole Salomone
53%
Fiji
42%
Nessun quiz corrispondente trovato
Distribuzione punteggi
Percentuale di utenti per punteggio
Percentile per numero di risposta
I tuoi punteggi nel tempo
Non hai fatto questo quiz